000 00312nam a22001457a 4500
003 OSt
005 20160727222350.0
008 160622b xxu||||| |||| 00| 0 eng d
040 _cTEST
100 _9367
_aWallance, L,
245 _aBenhur
260 _aN.Y
_b Airmont
_c1965
300 _aBenhur
942 _2ddc
_cBK
999 _c297
_d297